| 000 | 00924cam a2200193 4500 | ||
|---|---|---|---|
| 001 | 6506 | ||
| 020 | _z9789350091227 | ||
| 100 | 1 |
_aDefoe, Daniel. _d |
|
| 245 | 1 | 2 |
_aA journal of the plague year : _bbeing observations or memorials of the most remarkable occurrences, as well publick as private, which happened in London during the last great visitation in 1665 / _cDaniel Defoe. |
| 250 | _a3d ed. | ||
| 260 |
_aLondon ; _bEveryman, _c2000. |
||
| 300 | _axxiv, 240 p. ; 21 cm. | ||
| 336 |
_atext _btxt _2rdacontent |
||
| 337 |
_acomputer _bc _2rdamedia |
||
| 520 | _aThe text and notes are reproduced from the Oxford English Novels edition. The introduction sheds light on the relationship of the Journal to Pepys's diary, and a medical note relates the latest research on the Plague. | ||
| 650 |
_aPlague -- Fiction. _v _x _y _z _2 |
||
| 650 | 0 | _aGreat Plague, London, England, 1664-1666. | |
| 999 |
_c5485 _d5485 |
||